000 01253cam a2200361 a 4500
001 16509656
003 OSt
005 20150408114108.0
008 101020s2011 enka b 001 0 eng
010 _a 2010044155
015 _aGBB0B6860
_2bnb
020 _a9781408205013 (pbk.)
020 _a1408205017 (pbk.)
035 _a(OCoLC)ocn678534536
040 _aDLC
_cDLC
_dYDX
_dYDXCP
_dBWK
_dNLE
_dCDX
_dBWX
_dTXH
_dDLC
042 _apcc
050 0 0 _aLB1060
_b.B45 2011
082 0 0 _a418.0019
_222
_bBPT
100 1 _aBenson, Phil,
_d1955-
_919225
245 1 0 _aTeaching and researching autonomy /
_cPhil Benson.
250 _a2nd ed.
260 _aHarlow, England ;
_aNew York. :
_bLongman/Pearson,
_c2011.
300 _axi, 283 p. :
_bill. ;
_c24 cm.
490 0 _aApplied linguistics in action
504 _aIncludes bibliographical references (p. 249-277) and index.
650 0 _aLearning, Psychology of.
_910482
650 0 _aLearner autonomy.
_919226
650 0 _aAutonomy (Psychology)
_919227
650 0 _aLanguage and languages
_xStudy and teaching.
_99720
906 _a7
_bcbc
_corignew
_d1
_eecip
_f20
_gy-gencatlg
942 _2ddc
_cDVD
999 _c26709
_d261209